| 000 | 00619nam a2200181Ia 4500 | ||
|---|---|---|---|
| 003 | GCL | ||
| 008 | 140319s9999 xx 000 0 ara d | ||
| 040 |
_aGCL / _cGCL |
||
| 082 | 0 | 4 |
_a621.38 _bا ه |
| 100 | 1 | _aفاروق محمد العامرى | |
| 245 | 1 | 0 |
_aالهندسة الالكترونية للمبتدئين / _cفاروق محمد العامرى |
| 700 | 1 | _aامين فهمى | |
| 260 |
_a[S.N] : _bدار الراتب الجامعية ، _c1987 |
||
| 300 | _a137 ص | ||
| 490 |
_aموسوعة عالم الالكترونيات _v0 |
||
| 650 | 0 | 4 | _aالهندسة الالكترونية |
| 942 |
_2ddc _cBK |
||
| 999 |
_c53536 _d53536 |
||